000 01029nam a2200301 a 4500
001 3502954
005 20230307140242.0
008 950302s1994 pk b 001 0 eng
010 _a 94930836
020 _a0195775341
025 _aP-E-019490
040 _aDLC
_cDLC
042 _alcode
043 _aa------
_af------
050 0 0 _aBP10.O733
_bB33 1994
082 0 0 _a297.65
_221
100 1 _aBaba, Noor Ahmad.
_9109957
245 1 0 _aOrganisation of Islamic Conference :
_btheory and practice of Pan-Islamic cooperation /
_cNoor Ahmad Baba.
260 _aKarachi :
_bOxford University Press,
_c1994.
300 _axx, 310 p. ;
_c22 cm.
504 _aIncludes bibliographical references (p. [283]-301) and index.
610 2 0 _aOrganisation of Islamic Conference.
_95060
650 0 _aPanislamism.
_96254
651 0 _aIslamic countries
_xPolitics and government.
_96255
906 _a7
_bcbc
_corigode
_d3
_encip
_f19
_gy-gencatlg
942 _2ddc
_cBK
999 _c593559
_d593559